000 00835 a2200253 4500
005 20260311113837.0
020 _a9781405858465 (pbk.)
020 _a140585846X (pbk.)
050 0 0 _aHV40
_bSOC 2008
245 0 0 _aSocial work :
_ban introduction to contemporary practice /
_cKate Wilson ... [et al.].
264 _aHarlow :
_bPearson,
_c2008
300 _axxi, 721 pages :
_billustrations ;
336 _2rdacontent
_atext
_btxt
337 _2rdamedia
_aunmediated
_bn
338 _2rdacarrier
_avolume
_bnc
504 _aIncludes bibliographical references and index.
505 _a.
520 _a.
650 0 _aSocial service.
650 0 _aSocial case work.
700 1 _aWilson, Kate
_d1943-
_eauthor
856 4 1 _3Table of contents only
_uhttp://www.loc.gov/catdir/toc/ecip0810/2008004031.html
942 _2lcc
_cBK
_h40
_iSOC
_kHV
999 _c1643
_d1643